[Event "ICS rated standard match"]
[Site "204.178.125.65"]
[Date "2000.02.16"]
[Round "?"]
[White "pully"]
[Black "Hossa"]
[Result "1-0"]
[WhiteElo "1998"]
[BlackElo "2256"]
[PlyCount "103"]

1. d4 d5 2. c4 e6 3. Nf3 Nf6 4. Bg5 Be7 5. Nc3 Nc6 6. e3 O-O 7. Rc1 Ne4 8. Bxe7
Qxe7 9. Bd3 Nb4 10. Bb1 g6 11. a3 Nxc3 12. Rxc3 Nc6 13. Qc1 Rd8 14. O-O Qf6 15.
b4 a6 16. Rd1 Ne7 17. Ne5 c6 18. e4 dxe4 19. Bxe4 Qg7 20. Rcd3 f6 21. d5 fxe5
22. dxc6 Rxd3 23. Rxd3 Nxc6 24. Bxc6 bxc6 25. Rd8+ Kf7 26. Qd2 Kf6 27. g4 Qe7
28. c5 h5 29. g5+ Kf5 30. h4 e4 31. Kg2 a5 32. Kg3 e5 33. Rd6 Be6 34. Qc2 Rf8
35. f3 Qxg5+ 36. hxg5 Bd5 37. fxe4+ Bxe4 38. Qf2+ Kxg5 39. Qxf8 h4+ 40. Kf2
axb4 41. axb4 Kg4 42. Qf6 Bf5 43. Qxe5 Kh5 44. Rxc6 Kg4 45. Rf6 Kg5 46. b5 Kg4
47. b6 Kg5 48. b7 Kg4 49. b8=Q Kg5 50. Rxf5+ gxf5 51. Qg7+ Kh5 52. Qbh8# 1-0

[Event "ICS rated standard match"]
[Site "204.178.125.65"]
[Date "2000.02.16"]
[Round "?"]
[White "Hossa"]
[Black "SPIKE-1"]
[Result "0-1"]
[WhiteElo "2230"]
[BlackElo "2630"]
[PlyCount "66"]

1. e4 c5 2. Nf3 e6 3. d4 cxd4 4. Nxd4 Nf6 5. Nc3 d6 6. Be2 a6 7. O-O Be7 8. f4
O-O 9. e5 dxe5 10. fxe5 Bc5 11. Be3 Nd5 12. Nxd5 Qxd5 13. Qd3 Nc6 14. Nxc6 Qxd3
15. Ne7+ Kh8 16. Bxd3 Bxe3+ 17. Kh1 Bd7 18. Be4 Bg5 19. Rfd1 Be8 20. Bxb7 Ra7
21. Bxa6 Rxa6 22. Rd6 Ra8 23. Nc6 Bf4 24. Rd4 g5 25. Rxf4 gxf4 26. Nd4 Ra5 27.
Ne2 Rxe5 28. Nxf4 Bc6 29. Kg1 Rd8 30. b3 Rd2 31. g3 Rxc2 32. a4 Re3 33. b4 Bxa4
0-1

[Event "ICS rated blitz match"]
[Site "204.178.125.65"]
[Date "2000.02.16"]
[Round "?"]
[White "Hossa"]
[Black "Zippy"]
[Result "1/2-1/2"]
[WhiteElo "2383"]
[BlackElo "2233"]
[PlyCount "133"]

1. c4 g6 2. Nc3 Bg7 3. Nf3 d6 4. d4 Nf6 5. e4 O-O 6. Be2 c5 7. dxc5 dxc5 8. O-O
Nc6 9. Bf4 Nh5 10. Be3 Bxc3 11. bxc3 Qa5 12. Qc2 e5 13. Rfd1 f6 14. Bh6 Rd8 15.
Rxd8+ Nxd8 16. Qd3 Nf7 17. Qd5 Qxc3 18. Rd1 Qc2 19. Rd2 Qb1+ 20. Bf1 Ng7 21.
Bxg7 Kxg7 22. Qxc5 Be6 23. Re2 a6 24. a3 Rc8 25. Qe7 Bxc4 26. Re1 Qb2 27. Qd7
Rc6 28. Bxc4 Rxc4 29. Qe7 Rc2 30. Rd1 Re2 31. g3 Qb6 32. Rf1 h5 33. Nh4 Rxe4
34. Ng2 Rd4 35. Ne3 Qc6 36. h4 Qf3 37. Rc1 Rd2 38. Rf1 b5 39. Qe6 Rd6 40. Qe7
Rd3 41. Nc2 Rd2 42. Ne1 Qc3 43. Qb4 Qxb4 44. axb4 e4 45. Ng2 Ne5 46. Nf4 Nd3
47. Ne6+ Kf7 48. Nc5 Nxc5 49. bxc5 b4 50. Rb1 a5 51. Ra1 b3 52. c6 b2 53. Rb1
Ke6 54. Kf1 Rc2 55. c7 Kd7 56. Kg2 e3 57. g4 hxg4 58. h5 gxh5 59. Kg3 exf2 60.
c8=Q+ Kxc8 61. Kh4 Rc1 62. Kxh5 Rxb1 63. Kg6 f1=Q 64. Kg7 g3 65. Kg6 g2 66. Kf7
Qc4+ 67. Kxf6 1/2-1/2

[Event "ICS rated standard match"]
[Site "204.178.125.65"]
[Date "2000.02.16"]
[Round "?"]
[White "Hossa"]
[Black "Esen"]
[Result "1-0"]
[WhiteElo "2227"]
[BlackElo "2005"]
[PlyCount "68"]

1. d4 Nf6 2. a3 e6 3. e3 b6 4. Nf3 Bb7 5. Bd3 a5 6. O-O Be7 7. c4 d6 8. Nc3 O-O
9. e4 Nfd7 10. Be3 e5 11. dxe5 Nxe5 12. Nxe5 dxe5 13. Nd5 c5 14. Qh5 Bxd5 15.
exd5 g6 16. Qxe5 Bf6 17. Qf4 Bxb2 18. Ra2 Bg7 19. Rb1 Nd7 20. Re2 Re8 21. Ree1
Qf6 22. Qc7 Qd8 23. Bf4 Bf6 24. Qxd8 Raxd8 25. Bc7 Rxe1+ 26. Rxe1 Rc8 27. Bg3
Bb2 28. Re7 Nf6 29. Rb7 Bxa3 30. Rxb6 Nh5 31. Rc6 Re8 32. Bc7 Bb4 33. Ra6 Re1+
34. Bf1 Ra1 1-0

[Event "ICS rated standard match"]
[Site "204.178.125.65"]
[Date "2000.02.16"]
[Round "?"]
[White "lynx"]
[Black "Hossa"]
[Result "1-0"]
[WhiteElo "1952"]
[BlackElo "2234"]
[PlyCount "149"]

1. e4 c6 2. d4 d5 3. Nc3 dxe4 4. Nxe4 Bf5 5. Ng3 Bg6 6. Bc4 e6 7. N1e2 Nf6 8.
Nf4 Bd6 9. Bb3 Nbd7 10. Qf3 e5 11. Nxg6 hxg6 12. O-O exd4 13. Rd1 Qe7 14. Bg5
Be5 15. Qe2 O-O-O 16. f4 d3 17. Qe3 Bd6 18. Qxe7 Bxe7 19. cxd3 Rdf8 20. d4 Bb4
21. f5 Bd6 22. fxg6 fxg6 23. Re1 Bxg3 24. hxg3 Rh5 25. Bf4 Rfh8 26. Kf2 Kd8 27.
Re6 Rh1 28. Rxh1 Rxh1 29. Bd6 a5 30. Be7+ Kc7 31. Ba3 g5 32. Kf3 g4+ 33. Ke2
Kd8 34. Be7+ Kc8 35. Bd6 Rb1 36. Ba3 Kd8 37. Kd3 Rg1 38. Be7+ Kc8 39. Re2 Kc7
40. a3 Rf1 41. Re6 Rf2 42. Bd6+ Kd8 43. Re2 Rxe2 44. Kxe2 Nb6 45. Be6 Na4 46.
b3 Nc3+ 47. Kd3 Ncd5 48. Be5 b6 49. Bxd5 cxd5 50. Bxf6+ gxf6 51. Ke3 Ke7 52.
Kf4 b5 53. Kxg4 Ke6 54. Kf4 a4 55. b4 Ke7 56. g4 Ke6 57. g5 Kf7 58. gxf6 Kxf6
59. g3 Ke6 60. Kg5 Kf7 61. Kf5 Kg7 62. Ke5 Kf7 63. Kxd5 Kf6 64. Kc6 Ke6 65. d5+
Ke5 66. d6 Kf6 67. d7 Kf5 68. d8=Q Ke4 69. g4 Ke3 70. g5 Ke4 71. g6 Kf4 72. g7
Ke4 73. g8=Q Ke5 74. Qdd5+ Kf4 75. Qgg5# 1-0

[Event "ICS rated standard match"]
[Site "204.178.125.65"]
[Date "2000.02.16"]
[Round "?"]
[White "Hossa"]
[Black "lynx"]
[Result "0-1"]
[WhiteElo "2207"]
[BlackElo "1979"]
[PlyCount "108"]

1. Nf3 d5 2. g3 Nf6 3. Bg2 c6 4. c4 dxc4 5. Qc2 Nbd7 6. Qxc4 e5 7. O-O Bd6 8.
d3 O-O 9. Nc3 Nb6 10. Qh4 Be7 11. Bg5 h6 12. Bxf6 Bxf6 13. Qh5 Be6 14. Rfd1 Nd7
15. Ne4 Qe7 16. Bh3 Rfe8 17. Bxe6 Qxe6 18. e3 Rad8 19. a3 Be7 20. Rab1 b5 21.
Nc3 a5 22. d4 b4 23. axb4 axb4 24. Na4 e4 25. Nd2 Ra8 26. Ra1 Ra7 27. Rdc1 Rea8
28. Qd1 Qf5 29. Qc2 c5 30. b3 cxd4 31. exd4 Bf6 32. Qc4 Bg5 33. Ra2 e3 34. Nf1
Nb6 35. Qxb4 Nxa4 36. Nxe3 Qf3 37. Rxa4 Bxe3 38. Rf1 Rxa4 39. bxa4 Bg5 40. Re1
Bf6 41. Qc5 Rd8 42. Qc7 Rxd4 43. Qc8+ Kh7 44. Qc2+ Rd3 45. Re2 g6 46. Re1 Qd5
47. Qc7 Ra3 48. Qb6 Bd4 49. Qb4 Bxf2+ 50. Kxf2 Qf3+ 51. Kg1 Ra2 52. Re2 Rxe2
53. Qe4 Rg2+ 54. Kh1 Qf1# 0-1

[Event "ICS rated blitz match"]
[Site "204.178.125.65"]
[Date "2000.02.16"]
[Round "?"]
[White "PostModernist"]
[Black "Hossa"]
[Result "1-0"]
[WhiteElo "2558"]
[BlackElo "2376"]
[PlyCount "91"]

1. Nf3 d5 2. g3 e6 3. Bg2 Nf6 4. O-O h5 5. d4 c5 6. c4 h4 7. Nxh4 dxc4 8. Be3
cxd4 9. Bxd4 Nbd7 10. Nd2 e5 11. Bc3 Qc7 12. Qa4 Qc5 13. Nxc4 b5 14. Qd1 Rb8
15. Ne3 b4 16. Bd2 Ba6 17. Rc1 Qd4 18. b3 e4 19. Nef5 Qb2 20. Rc2 Qa3 21. Bg5
Qa5 22. Qd4 Rc8 23. Bxf6 Nxf6 24. Bxe4 Rxc2 25. Bxc2 Bc8 26. Rd1 Rh5 27. g4 Rh8
28. Be4 Bd7 29. g5 Rxh4 30. Nxg7+ Bxg7 31. gxf6 Rg4+ 32. Kf1 Qc7 33. fxg7 Rg5
34. Qe3 Rxg7 35. Bc6+ Kf8 36. Rxd7 Rg1+ 37. Kxg1 Qxc6 38. Qe7+ Kg7 39. Qxf7+
Kh6 40. Qf8+ Kg5 41. h4+ Kxh4 42. Qf4+ Kh5 43. Rh7+ Kg6 44. Qf7+ Kg5 45. Rh5+
Kg4 46. Qf5# 1-0

[Event "ICS rated blitz match"]
[Site "204.178.125.65"]
[Date "2000.02.16"]
[Round "?"]
[White "Hossa"]
[Black "PostModernist"]
[Result "0-1"]
[WhiteElo "2368"]
[BlackElo "2571"]
[PlyCount "166"]

1. Nf3 Nf6 2. g3 g6 3. Bg2 Bg7 4. c4 O-O 5. O-O d5 6. cxd5 Nxd5 7. d4 Nb6 8.
Bg5 c5 9. e3 Nc6 10. Nc3 cxd4 11. Nxd4 Nxd4 12. exd4 Bxd4 13. Bxe7 Bxf2+ 14.
Rxf2 Qxe7 15. Qf3 Rd8 16. Raf1 f5 17. Qf4 g5 18. Qf3 g4 19. Qf4 Be6 20. b3 Qg7
21. Nb5 Bd5 22. Nc7 Bxg2 23. Kxg2 Nd5 24. Nxd5 Rxd5 25. Kg1 Rad8 26. Qe3 Qf7
27. Qxa7 Re5 28. Qa4 Qd5 29. Qf4 Kh8 30. Qb4 Rde8 31. Qc3 Kg8 32. Qc2 Qd4 33.
Qc1 Re2 34. Qg5+ Kh8 35. Qh5 Rf8 36. Qg5 Rxa2 37. Qe7 Rb8 38. Qc7 Raa8 39. b4
b6 40. b5 Rf8 41. Kg2 Qd5+ 42. Kg1 Qxb5 43. Qc3+ Kg8 44. Qe3 Rae8 45. Qg5+ Kh8
46. Qh6 Qc5 47. Kh1 b5 48. Qf4 Qd5+ 49. Kg1 Re6 50. Qb4 Rff6 51. Qc3 Re5 52.
Qc8+ Kg7 53. Qc7+ Kg6 54. Qc2 Rfe6 55. Qc8 Re8 56. Qc2 h6 57. Qc1 Re2 58. Qf4
R8e5 59. Qb4 Rxf2 60. Rxf2 Qe6 61. Qf4 Re4 62. Qd2 Re1+ 63. Rf1 Qb6+ 64. Qf2
Qxf2+ 65. Kxf2 Rxf1+ 66. Kxf1 Kg5 67. Ke2 f4 68. Kd3 f3 69. Kd2 b4 70. Kd3 b3
71. Kd2 f2 72. Ke2 b2 73. Kxf2 b1=Q 74. Ke3 Qg1+ 75. Ke4 Qxh2 76. Kd5 Qxg3 77.
Kc5 Qc7+ 78. Kd4 g3 79. Kd5 g2 80. Ke4 g1=Q 81. Kf3 Qf4+ 82. Ke2 Qgh2+ 83. Kd3
Qhd2# 0-1

[Event "ICS rated blitz match"]
[Site "204.178.125.65"]
[Date "2000.02.17"]
[Round "?"]
[White "HaraldLdahl"]
[Black "Hossa"]
[Result "0-1"]
[WhiteElo "2155"]
[BlackElo "2360"]
[PlyCount "51"]

1. d4 e6 2. c4 d5 3. cxd5 exd5 4. Nc3 Nf6 5. Bg5 Be7 6. Nf3 h6 7. Bxf6 Bxf6 8.
e3 O-O 9. Bd3 b6 10. b4 c5 11. bxc5 bxc5 12. O-O c4 13. Bc2 Qa5 14. Qd2 Be7 15.
a3 Bg4 16. Ne5 Be6 17. e4 Bg5 18. f4 Bf6 19. f5 Bxe5 20. dxe5 d4 21. Qxd4 Nc6
22. Qe3 Bc8 23. Nd5 Re8 24. Qg3 Rxe5 25. Nb4 Nd4 26. f6 0-1

[Event "ICS rated blitz match"]
[Site "204.178.125.65"]
[Date "2000.02.17"]
[Round "?"]
[White "Slivovitz"]
[Black "Hossa"]
[Result "0-1"]
[WhiteElo "2209"]
[BlackElo "2368"]
[PlyCount "30"]

1. e4 Nf6 2. Nc3 d5 3. e5 Nfd7 4. e6 fxe6 5. d4 g6 6. h4 Bg7 7. h5 Nc6 8. hxg6
hxg6 9. Rxh8+ Bxh8 10. Nf3 e5 11. Nxd5 exd4 12. Bd3 Nde5 13. Nxe5 Nxe5 14. Nf4
Qd6 15. Nxg6 Nxg6 0-1

[Event "ICS rated blitz match"]
[Site "204.178.125.65"]
[Date "2000.02.17"]
[Round "?"]
[White "Slivovitz"]
[Black "Hossa"]
[Result "0-1"]
[WhiteElo "2192"]
[BlackElo "2385"]
[PlyCount "63"]

1. e4 e5 2. Nf3 Nf6 3. Nc3 Nc6 4. Bc4 Nxe4 5. O-O Nxc3 6. dxc3 Be7 7. Qd5 O-O
8. Nxe5 Nxe5 9. Qxe5 Bf6 10. Qh5 Qe7 11. Bd3 g6 12. Qf3 d6 13. Bd2 c6 14. Rae1
Be6 15. h3 Bg5 16. Bxg5 Qxg5 17. Qe3 Qh4 18. Qe4 Qe7 19. f4 Qh4 20. f5 Qxe4 21.
Bxe4 gxf5 22. Bxf5 Rae8 23. Bxe6 fxe6 24. Rxf8+ Kxf8 25. g4 e5 26. Kf2 Ke7 27.
Ke3 Rf8 28. Re2 Rf1 29. Rf2 Rh1 30. Rf3 Rh2 31. Kd3 d5 32. Rg3 0-1

[Event "ICS rated blitz match"]
[Site "204.178.125.65"]
[Date "2000.02.17"]
[Round "?"]
[White "Hossa"]
[Black "MagusX"]
[Result "0-1"]
[WhiteElo "2396"]
[BlackElo "2666"]
[PlyCount "170"]

1. c4 e6 2. Nf3 d5 3. cxd5 exd5 4. e3 Nf6 5. Be2 Bd6 6. d4 O-O 7. O-O c6 8. Nc3
Bg4 9. Nh4 Bxe2 10. Qxe2 Re8 11. Nf5 Qc7 12. g3 Qd7 13. Qf3 Na6 14. a3 Nc7 15.
b3 Ne6 16. Nh6+ Kf8 17. Qf5 Be7 18. Ng4 Nxd4 19. Qxd7 Nf3+ 20. Kg2 Nxd7 21.
Kxf3 f5 22. Ne2 fxg4+ 23. Kxg4 Nc5 24. b4 Nd3 25. Rb1 Ne5+ 26. Kh3 Nc4 27. Nd4
Bf6 28. Nb3 Kg8 29. Rd1 Rf8 30. Kg2 Rae8 31. Rd3 g6 32. a4 Kg7 33. h4 Be5 34.
f3 Re7 35. e4 dxe4 36. fxe4 Bf6 37. Na5 Nb6 38. Bf4 Rfe8 39. Ra3 Rxe4 40. Nxb7
Re2+ 41. Kf3 Nd5 42. Nd6 R8e6 43. Nb7 Nxf4 44. Kxf4 Rf2+ 45. Kg4 Ree2 46. Rh1
Re4+ 47. Kh3 Rxb4 48. Nc5 Be7 49. Rc1 h5 50. Ne6+ Kf7 51. Re3 Rxa4 52. Rxc6
Raa2 53. Ng5+ Bxg5 54. Rc7+ Kf6 55. hxg5+ Kxg5 56. Rc5+ Kh6 57. g4 Rh2+ 58. Kg3
Rhg2+ 59. Kf3 Raf2+ 60. Ke4 Rxg4+ 61. Kd3 Ra2 62. Rc8 Ra3+ 63. Ke2 Rxe3+ 64.
Kxe3 a5 65. Ke2 a4 66. Kd3 a3 67. Ra8 Rg3+ 68. Kc4 h4 69. Kb4 h3 70. Kc4 Kg5
71. Ra5+ Kg4 72. Rd5 h2 73. Rd4+ Kf5 74. Rd1 Rg1 75. Rd5+ Ke6 76. Ra5 h1=Q 77.
Ra6+ Kd7 78. Ra7+ Kc8 79. Kc5 Qe4 80. Ra8+ Qxa8 81. Kd4 a2 82. Kd3 Qf3+ 83. Kd4
a1=Q+ 84. Kc5 Rc1+ 85. Kd6 Qaf6# 0-1

[Event "ICS rated blitz match"]
[Site "204.178.125.65"]
[Date "2000.02.17"]
[Round "?"]
[White "Slivovitz"]
[Black "Hossa"]
[Result "1-0"]
[WhiteElo "2179"]
[BlackElo "2390"]
[PlyCount "121"]

1. e4 Nf6 2. Nc3 d5 3. e5 Ne4 4. d4 Nxc3 5. bxc3 c5 6. Nf3 e6 7. h4 Nc6 8. Be3
cxd4 9. cxd4 Ba3 10. Rb1 O-O 11. Bd3 Nb4 12. Bxh7+ Kxh7 13. Ng5+ Kg8 14. Qh5
Nxc2+ 15. Ke2 Nxd4+ 16. Bxd4 Re8 17. Qxf7+ Kh8 18. Qh5+ Kg8 19. Rb3 Qd7 20.
Qh7+ Kf8 21. Qh8+ Ke7 22. Qxg7+ Kd8 23. Qxd7+ Kxd7 24. Rxa3 a5 25. h5 Rg8 26.
f4 Rf8 27. Ke3 b5 28. Rc3 Bb7 29. h6 b4 30. Rc5 Rfd8 31. Rhc1 Rdc8 32. Rxc8
Bxc8 33. h7 Ba6 34. Nf7 a4 35. h8=Q Rxh8 36. Nxh8 Bc4 37. Bc5 b3 38. axb3 axb3
39. g4 Ke8 40. f5 b2 41. Rb1 exf5 42. gxf5 Kd7 43. Rxb2 d4+ 44. Kxd4 Bg8 45.
Rb7+ Kc8 46. Rg7 Ba2 47. Nf7 Kb7 48. Nd6+ Kc6 49. e6 Bxe6 50. Re7 Ba2 51. Ne4
Bg8 52. f6 Bc4 53. f7 Bxf7 54. Rxf7 Kb5 55. Rb7+ Kc6 56. Rb6+ Kd7 57. Kd5 Ke8
58. Ke6 Kd8 59. Rb7 Kc8 60. Nd6+ Kd8 61. Bb6# 1-0

[Event "ICS rated blitz match"]
[Site "204.178.125.65"]
[Date "2000.02.17"]
[Round "?"]
[White "Hossa"]
[Black "JAMadMax"]
[Result "1-0"]
[WhiteElo "2365"]
[BlackElo "2109"]
[PlyCount "75"]

1. e4 e5 2. Nf3 Nc6 3. Bb5 a6 4. Bxc6 dxc6 5. d4 exd4 6. Qxd4 Qxd4 7. Nxd4 Bd7
8. Be3 O-O-O 9. Nc3 Bb4 10. Nde2 Re8 11. O-O-O f5 12. Bd4 Re7 13. a3 Bd6 14.
exf5 Bxf5 15. Rhe1 c5 16. Be3 Nf6 17. Bf4 Rd8 18. Bxd6 Rdd7 19. Bxe7 Rxe7 20.
Ng3 Rxe1 21. Rxe1 Bg6 22. Nce4 Nxe4 23. Nxe4 b6 24. Ng5 Kd7 25. Ne6 Bf7 26.
Nxg7 Bd5 27. Ne8 Bxg2 28. Nf6+ Kd6 29. Nxh7 Kd5 30. Nf6+ Kd4 31. f4 c4 32. Kd2
a5 33. Re5 c3+ 34. bxc3+ Kc4 35. Ng4 Bd5 36. f5 Kc5 37. c4 Kd6 38. cxd5 1-0

[Event "ICS Rated blitz match"]
[Site "204.178.125.65"]
[Date "2000.02.17"]
[Round "?"]
[White "Hossa"]
[Black "pibebaldoza"]
[Result "1-0"]
[WhiteElo "2377"]
[BlackElo "2099"]
[PlyCount "57"]

1. e4 e5 2. Bc4 Bc5 3. Nf3 d6 4. c3 Nf6 5. d4 exd4 6. cxd4 Bb4+ 7. Bd2 Bxd2+ 8.
Nbxd2 O-O 9. e5 dxe5 10. dxe5 Ng4 11. h3 Nh6 12. Qe2 Nc6 13. O-O-O Qe7 14. Nb3
Be6 15. Bxe6 fxe6 16. Qb5 Nb4 17. Rd7 c6 18. Qxb7 Qxd7 19. Qxd7 Rfe8 20. Kb1
Rad8 21. Qxa7 Ra8 22. Qd7 Reb8 23. a3 Kh8 24. axb4 Rxb4 25. Nc5 Rab8 26. Nd3
Rb3 27. Rc1 Nf5 28. Rxc6 h6 29. Rc8+ 1-0

[Event "ICS Rated blitz match"]
[Site "204.178.125.65"]
[Date "2000.02.17"]
[Round "?"]
[White "pibebaldoza"]
[Black "Hossa"]
[Result "1-0"]
[WhiteElo "2094"]
[BlackElo "2382"]
[PlyCount "143"]

1. e4 c6 2. d4 d5 3. e5 Bf5 4. g4 Bg6 5. Nh3 e6 6. Nf4 Be4 7. f3 Qh4+ 8. Ke2
Bg6 9. Be3 Nd7 10. Bf2 Qd8 11. h4 Qa5 12. h5 Qb5+ 13. Ke1 Qxb2 14. hxg6 Nxe5
15. dxe5 Qxa1 16. Rxh7 Bb4+ 17. c3 Bxc3+ 18. Nxc3 Qxc3+ 19. Qd2 Qa1+ 20. Ke2
Qxe5+ 21. Be3 fxg6 22. Rxh8 O-O-O 23. Qd4 Qxd4 24. Bxd4 e5 25. Bxe5 g5 26. Ng6
Nf6 27. Rxd8+ Kxd8 28. Bxf6+ gxf6 29. Ke3 c5 30. f4 Ke8 31. Bg2 Kf7 32. Bxd5+
Kxg6 33. f5+ Kg7 34. Bxb7 Kf7 35. Kd3 Ke7 36. Kc4 Kd6 37. Bg2 a5 38. Kd3 Ke5
39. Ke3 a4 40. a3 Kd6 41. Bf1 Kd5 42. Kd3 Ke5 43. Ke3 Kd5 44. Bb5 c4 45. Bxa4
Ke5 46. Bc2 Kd5 47. a4 Kc5 48. Ke4 c3 49. Kd3 Kc6 50. Kxc3 Kd5 51. Bd3 Kc6 52.
a5 Kc5 53. a6 Kb6 54. Kb4 Kc6 55. Ka5 Kc7 56. Be4 Kb8 57. a7+ Kxa7 58. Kb5 Kb8
59. Kc6 Kc8 60. Kd6 Kd8 61. Ke6 Kc7 62. Kxf6 Kd6 63. Kxg5 Kc5 64. f6 Kd4 65. f7
Kc4 66. f8=Q Kb5 67. Qc8 Kb4 68. Qc7 Ka4 69. Qb7 Ka5 70. Bd3 Ka4 71. Bc4 Ka5
72. Qb5# 1-0

[Event "ICS rated blitz match"]
[Site "204.178.125.65"]
[Date "2000.02.17"]
[Round "?"]
[White "Hossa"]
[Black "Beadle"]
[Result "0-1"]
[WhiteElo "2362"]
[BlackElo "2553"]
[PlyCount "162"]

1. d4 Nf6 2. c4 e6 3. g3 c5 4. e3 cxd4 5. exd4 Nc6 6. Nf3 Qa5+ 7. Bd2 Qf5 8.
Nc3 Bb4 9. Nh4 Qa5 10. Nf3 Qf5 11. Bg2 Ne4 12. O-O Bxc3 13. bxc3 h5 14. Nh4 Qh7
15. Bxe4 Qxe4 16. Bf4 Ne7 17. Bd6 Qc6 18. Bxe7 Kxe7 19. Qe2 Kf8 20. f4 b6 21.
Nf3 Bb7 22. Rae1 h4 23. g4 d6 24. f5 e5 25. dxe5 Rc8 26. exd6 Qxd6 27. f6 gxf6
28. Nd4 Ba6 29. Rf2 Rg8 30. Qf3 Bxc4 31. Nf5 Qa3 32. Nxh4 Bxa2 33. Qf4 Qxc3 34.
Qh6+ Rg7 35. Ng2 Be6 36. h3 Kg8 37. Rxf6 Qc5+ 38. Ne3 Rh7 39. Qf4 Rxh3 40. Kg2
Rh4 41. Rf1 Rh7 42. Rf3 Rd8 43. Rh6 Rxh6 44. Qxh6 Rd2+ 45. Kh3 Qe5 46. Rg3 Qe4
47. Qg5+ Kf8 48. Ng2 Qh7+ 49. Nh4 Rd1 50. Rf3 a6 51. Kg3 Rd3 52. Qe5 Rxf3+ 53.
Nxf3 Qb1 54. Qh8+ Ke7 55. Qc3 Qb5 56. Qc7+ Ke8 57. Qb8+ Kd7 58. Kh4 Qc5 59.
Qb7+ Kd6 60. Qb8+ Qc7 61. Qh8 a5 62. Qb2 Qc5 63. Ng5 Qb4 64. Qh2+ Kd7 65. Qg2
b5 66. Qf3 a4 67. Qd3+ Kc8 68. Qf3 Qxg4+ 69. Qxg4 Bxg4 70. Nxf7 a3 71. Kxg4 a2
72. Nd6+ Kb8 73. Nf5 a1=Q 74. Ne3 b4 75. Kg3 b3 76. Kg2 b2 77. Ng4 b1=Q 78. Kg3
Qg1+ 79. Kf4 Qad4+ 80. Kg5 Qgxg4+ 81. Kh6 Qdg7# 0-1

[Event "ICS rated blitz match"]
[Site "204.178.125.65"]
[Date "2000.02.17"]
[Round "?"]
[White "j724"]
[Black "Hossa"]
[Result "1/2-1/2"]
[WhiteElo "2092"]
[BlackElo "2354"]
[PlyCount "89"]

1. d4 Nf6 2. Nf3 e6 3. Bf4 d5 4. e3 Bd6 5. Ne5 O-O 6. Nd2 c5 7. c3 Nc6 8. Bd3
Qc7 9. Ndf3 c4 10. Bc2 Re8 11. g4 b5 12. g5 Nd7 13. Nxd7 Bxd7 14. Bxd6 Qxd6 15.
e4 Qf4 16. e5 b4 17. Qe2 Rab8 18. Qe3 Qxe3+ 19. fxe3 bxc3 20. bxc3 Rb2 21. Kd2
Reb8 22. Rhb1 Be8 23. Rxb2 Rxb2 24. Kc1 Rb6 25. Rb1 Ne7 26. Rxb6 axb6 27. e4
Bd7 28. Kb2 dxe4 29. Bxe4 Nd5 30. Bxd5 exd5 31. Ka3 Kf8 32. Nd2 Ke7 33. Nf1 Bf5
34. Ne3 Be4 35. Kb4 Kd7 36. Kb5 Kc7 37. a4 Kb7 38. h4 Kc7 39. Ng4 Bf5 40. Ne3
Be4 41. Ng4 Bf5 42. Ne3 Be4 43. Ng4 Bf5 44. Ne3 Be4 45. Ng4 1/2-1/2

[Event "ICS rated blitz match"]
[Site "204.178.125.65"]
[Date "2000.02.17"]
[Round "?"]
[White "Hossa"]
[Black "j724"]
[Result "1-0"]
[WhiteElo "2344"]
[BlackElo "2102"]
[PlyCount "37"]

1. e4 d6 2. d4 Nf6 3. Nc3 c6 4. f4 Qa5 5. Bd3 e5 6. Nf3 Bg4 7. Be3 Nbd7 8. O-O
Be7 9. Kh1 O-O 10. fxe5 dxe5 11. d5 cxd5 12. Nxd5 Nxd5 13. exd5 g6 14. h3 Bxf3
15. Qxf3 f5 16. d6 Bf6 17. Bc4+ Kg7 18. Qxb7 Rad8 19. a4 1-0

[Event "ICS rated bullet match"]
[Site "204.178.125.65"]
[Date "2000.02.17"]
[Round "?"]
[White "Hossa"]
[Black "Weezer"]
[Result "0-1"]
[WhiteElo "2480"]
[BlackElo "2592"]
[PlyCount "130"]

1. c4 e5 2. Nc3 Nf6 3. g3 Bb4 4. Nf3 Bxc3 5. bxc3 e4 6. Ng5 d5 7. Qa4+ c6 8.
Ba3 Nfd7 9. cxd5 Qxg5 10. Qxe4+ Qe5 11. Qxe5+ Nxe5 12. d6 Be6 13. d3 O-O 14. f4
Ng4 15. e4 Rd8 16. Ke2 Re8 17. h3 Nf6 18. e5 Nbd7 19. c4 Nb6 20. Kf3 Nfd7 21.
Ke4 g6 22. Kf3 f6 23. exf6 Nxf6 24. Bb2 Nfd7 25. Be5 Rf8 26. Ke3 Rae8 27. Kd4
c5+ 28. Kc3 Nxe5 29. fxe5 Rf3 30. Re1 Bxc4 31. d7 Nxd7 32. Kxc4 Nxe5+ 33. Kc3
c4 34. Rd1 Rxg3 35. Kd4 cxd3 36. a4 Kg7 37. Rb1 Re7 38. Rd1 Kf6 39. Rc1 Rf3 40.
Rc8 Rf4+ 41. Ke3 Rxa4 42. Rg8 Ng4+ 43. Kd2 Nf2 44. Rf8+ Kg7 45. Rxf2 Ra2+ 46.
Kc3 Rxf2 47. Bxd3 Rf3 48. Kc2 Rc7+ 49. Kd2 Rd7 50. Kc2 Rfxd3 51. Ra1 a6 52. h4
Rd2+ 53. Kc3 R7d3+ 54. Kb4 Rd1 55. Rxd1 Rxd1 56. Ka5 Rd4 57. Kb6 Rc4 58. Kxb7
a5 59. Kb6 a4 60. Kb7 a3 61. Ka6 a2 62. Kb5 Rc3 63. Kb6 a1=Q 64. h5 Qb2+ 65.
Ka7 Ra3# 0-1

[Event "ICS rated blitz match"]
[Site "204.178.125.65"]
[Date "2000.02.17"]
[Round "?"]
[White "Beadle"]
[Black "Hossa"]
[Result "1-0"]
[WhiteElo "2569"]
[BlackElo "2350"]
[PlyCount "143"]

1. c4 Nf6 2. Nc3 e5 3. g3 Bc5 4. Bg2 Nc6 5. d3 O-O 6. Qa4 d6 7. Bxc6 bxc6 8.
Qxc6 Rb8 9. Nf3 Bb7 10. Qa4 Bxf3 11. exf3 Qe8 12. Qxe8 Rfxe8 13. Rb1 Bd4 14.
Nb5 Rb7 15. Bg5 Nd7 16. b4 a6 17. Na3 Nf8 18. Be3 Ne6 19. Nc2 Bc3+ 20. Bd2 Bd4
21. O-O Reb8 22. Rb3 f5 23. Re1 Kf7 24. f4 Kf6 25. fxe5+ dxe5 26. Ra3 Rb6 27.
Kg2 Rd8 28. f4 exf4 29. c5 Rc6 30. Bxf4 Nxf4+ 31. gxf4 g5 32. fxg5+ Kxg5 33.
Re7 h5 34. Nxd4 Rxd4 35. Rb3 Kf6 36. Re2 Kg5 37. a3 Rg6 38. Kf2 Rf4+ 39. Ke1
Kh4 40. Rc3 Rg1+ 41. Kd2 Rff1 42. Rc4+ f4 43. Ree4 Rf2+ 44. Kc3 Rc1+ 45. Kd4
Ra1 46. Rc3 Kg5 47. Re5+ Kg6 48. h4 Rh2 49. Re6+ Kf5 50. Kd5 f3 51. d4 f2 52.
Rf3+ Kg4 53. Ref6 Kxh4 54. Kc6 Rg2 55. Kxc7 Rg4 56. d5 Rg7+ 57. Kb6 Rg4 58. d6
f1=B 59. Rxf1 Rxa3 60. d7 Rg8 61. Rf8 Rg6+ 62. c6 Rd6 63. Rg8 Rc3 64. d8=B+
Rxd8 65. Rh1+ Rh3 66. Rxh3+ Kxh3 67. Rxd8 a5 68. Rg8 a4 69. c7 Kh2 70. c8=Q a3
71. Qc6 h4 72. Qg2# 1-0

[Event "ICS rated blitz match"]
[Site "204.178.125.65"]
[Date "2000.02.17"]
[Round "?"]
[White "Hossa"]
[Black "PostModernist"]
[Result "1-0"]
[WhiteElo "2343"]
[BlackElo "2571"]
[PlyCount "139"]

1. d4 Nf6 2. a3 e6 3. e3 d5 4. Nf3 c5 5. Be2 cxd4 6. exd4 Bd6 7. O-O O-O 8. Re1
Nc6 9. b3 Qe7 10. c4 dxc4 11. bxc4 Rd8 12. Be3 Ng4 13. Bg5 Nf6 14. Qb3 h6 15.
Be3 b6 16. Nc3 Na5 17. Qa2 Bb7 18. Nb5 Bb8 19. h3 a6 20. Nc3 Qc7 21. Rac1 Bxf3
22. Bxf3 Ra7 23. Ne4 Qh2+ 24. Kf1 Nxe4 25. Bxe4 Bf4 26. Bxf4 Qxf4 27. Qb1 Qc7
28. c5 b5 29. Red1 f5 30. Bf3 Nc4 31. a4 Qf4 32. axb5 Nd2+ 33. Rxd2 Qxd2 34. b6
Rf7 35. c6 Rb8 36. c7 Rxc7 37. Rxc7 Qxd4 38. b7 Qe5 39. Rc8+ Kh7 40. Qe1 Qb5+
41. Kg1 Rxb7 42. Bxb7 Qxb7 43. Qxe6 Qb1+ 44. Kh2 Qe4 45. Qxe4 fxe4 46. Ra8 Kg6
47. Kg3 Kf5 48. Rxa6 Ke5 49. Rg6 Kf5 50. Rxg7 Kf6 51. Rb7 Ke5 52. Rh7 Kf5 53.
Rxh6 Ke5 54. h4 Kd4 55. Kf4 Kd3 56. Re6 Kd4 57. Rxe4+ Kd5 58. Re1 Kc5 59. Ke5
Kc4 60. Rc1+ Kd3 61. Kd5 Ke2 62. Ke4 Kd2 63. Rc5 Ke2 64. Rd5 Kxf2 65. Rd2+ Kg3
66. Rc2 Kg4 67. Rc3 Kh5 68. Kf5 Kh6 69. Rc7 Kh5 70. Rh7# 1-0